|
|
|
|
| LEADER |
00000nab a2200000ua 4500 |
| 001 |
vtls010777204 |
| 003 |
SK-MaSNL |
| 005 |
20260303123417.0 |
| 008 |
230214s1933 xo |||||||||||||||||cze| |
| 035 |
|
|
|a (urnnbn)urn:nbn:sk:snk:ar-a03ku8
|
| 035 |
|
|
|a (uuid)0f4e9d37-af61-4821-b1a6-44aeb26aaa5f
|
| 035 |
|
|
|a urn:nbn:sk:snk-ab5c8k
|
| 040 |
|
|
|a SNKBUCL
|b slo
|c SNKBUCL
|e AACR2
|
| 041 |
0 |
|
|a cze
|
| 044 |
|
|
|a xo
|c SK
|
| 100 |
1 |
|
|a Vavrda, Jaroslav,
|d 1898-1979
|4 aut
|9 171537
|
| 245 |
1 |
0 |
|a Coxitis ve vymknutém kloubu kyčelním
|c Jaroslav Vavrda, K. Koch
|
| 700 |
1 |
|
|a Koch, Karel František,
|d 1890-1981
|4 aut
|9 163053
|
| 773 |
0 |
|
|t Bratislavské lekárske listy
|g Roč. 13, č. 6 (1933), s. 310-320
|
| 954 |
|
|
|a odborná, vedecká literatúra cudzojazyčná (svetová)
|2 lita
|
| 958 |
|
|
|a OND
|
| 958 |
|
|
|a EUIPO
|
| 958 |
|
|
|a article3
|
| 999 |
|
|
|c 1925752
|d 1927682
|